zpět

Detail výsledku týmu

U Pošty - Vinohrady ČT, Praha

Datum a čas kvízu

29 Celkem bodů Celkový počet nahraných bodů na tomto kvízu bez doplňovacích otázek.
6. Pořadí na kvízu Konečné umístění týmu na tomto kvízu.

Zaznamenané odpovědi

# Otázka Odpověď Body Výsledky
1. Jeden z českých vrcholných pol... Ivan Bartoš 1
2. V pondělí večer byl v jednom i... Janov 1
3. Německá televize ARD začne od... Pan Tau 1
4. V tendru na distribuci elektro... Česká pošta, Čepro 0.5
5. Fotbalisté Pardubic budou v na... Bohemians 1905 1
6. Historie kulečníkových her sah... slonovina 1
7. Kulečník, nebo také biliár (z... snooker 1
8. Osmička (Eight-ball) se hraje... A 1
9. Nyní vám pustíme ukázku ze ser... karambol 1
10. The Hustler, česky Hazardní hr... Barva peněz 0